BIBLIOTECA PODER JUDICIAL
Portal Judicial TDF

Mecanismos de actualización en los contratos de consumo / (Registro nro. 5383)

000 -LEADER
fixed length control field 01813nab a22002777a 4500
003 - CONTROL NUMBER IDENTIFIER
control field OSt
005 - DATE AND TIME OF LATEST TRANSACTION
control field 20250307100454.0
008 - FIXED-LENGTH DATA ELEMENTS--GENERAL INFORMATION
fixed length control field 190603e xxum|||| |||| 00| 0 spa d
040 ## - CATALOGING SOURCE
Transcribing agency PJ
100 ## - MAIN ENTRY--PERSONAL NAME
9 (RLIN) 6415
Personal name Danuzzo, Ricardo Sebastián
245 10 - TITLE STATEMENT
Title Mecanismos de actualización en los contratos de consumo /
Statement of responsibility, etc Ricardo Sebastian Danuzzo.
260 ## - PUBLICATION, DISTRIBUTION, ETC. (IMPRINT)
Date of publication, distribution, etc Ciudad Autónoma de Buenos Aires :
Place of publication, distribution, etc Thomson Reuters La Ley,
Name of publisher, distributor, etc 2024.
300 ## - PHYSICAL DESCRIPTION
Extent p. 45-48
500 ## - GENERAL NOTE
General note Cita Online: TR LALEY AR/DOC/1173/2024.<br/>
505 ## - FORMATTED CONTENTS NOTE
Formatted contents note Sumario: I. Introducción.— II. Evolución.— III. La caracterización de consumidor en el régimen de la ley 24.240 de Defensa del Consumidor.— IV. La renegociación contractual como herramienta eficaz para la solución de los desequilibrios en el marco de los contratos.— V. La renegociación contractual es un principio general del derecho que posibilita su aplicación a otros supuestos.— VI. Su operatividad y contenido conforme a las distintas estructuras contractuales.— VII. Los contratos de negociación individual o paritarios.— VIII. El anatocismo como cláusula abusiva.— IX. Los mecanismos de actualización de créditos de consumo.— X. La tasa de interés aplicable a los créditos de consumo.— XI. Conclusiones.<br/>
505 ## - FORMATTED CONTENTS NOTE
Title ¿Te interesa el texto completo? Solicitalo al correo: koha@justierradelfuego.gov.ar<br/>
650 #0 - SUBJECT ADDED ENTRY--TOPICAL TERM
9 (RLIN) 2597
Topical term or geographic name as entry element DEFENSA DEL CONSUMIDOR
650 #0 - SUBJECT ADDED ENTRY--TOPICAL TERM
9 (RLIN) 5417
Topical term or geographic name as entry element CONTRATOS DE CONSUMO
650 #0 - SUBJECT ADDED ENTRY--TOPICAL TERM
9 (RLIN) 2436
Topical term or geographic name as entry element TASA DE JUSTICIA
650 #0 - SUBJECT ADDED ENTRY--TOPICAL TERM
9 (RLIN) 3790
Topical term or geographic name as entry element ACTUALIZACIÓN MONETARIA
650 #0 - SUBJECT ADDED ENTRY--TOPICAL TERM
9 (RLIN) 6365
Topical term or geographic name as entry element ANATOCISMO
650 #0 - SUBJECT ADDED ENTRY--TOPICAL TERM
9 (RLIN) 1606
Topical term or geographic name as entry element CONTRATO DE ADHESION
650 #0 - SUBJECT ADDED ENTRY--TOPICAL TERM
9 (RLIN) 4601
Topical term or geographic name as entry element INFLACIÓN
773 0# - HOST ITEM ENTRY
Host Biblionumber 2713
Host Itemnumber 3170
Place, publisher, and date of publication Ciudad Autónoma de Buenos Aires : Thomson Reuters La Ley, 2015-
Title Revista Código Civil y Comercial. Nº 3 - Junio 2024
942 ## - ADDED ENTRY ELEMENTS (KOHA)
Source of classification or shelving scheme
Koha item type Analítica Artículo de Revista

No hay ítems disponibles.

12 de Octubre 789 Ushuaia - Tel:  54(02901)441571
Horario de Atención: 8.00 a 17.00 hs. 
bibliotecaush@justierradelfuego.gov.ar
koha@justierradelfuego.gov.ar
Seguinos en nuestras redes @bibliojustdf 

Con tecnología Koha